| 000 | 00564nam a22001937a 4500 | ||
|---|---|---|---|
| 003 | OSt | ||
| 005 | 20251206031015.0 | ||
| 008 | 251206b |||||||| |||| 00| 0 eng d | ||
| 020 | _a0-916-730-88-3. | ||
| 040 |
_aDWCL-Main lib. _cOC |
||
| 082 | _aCirc. 616.07 H434 1985 | ||
| 245 | _aHealth assessment handbook/ | ||
| 260 |
_aPennsylvania : _bSpringhouse Corporation, _c c1985. |
||
| 300 |
_aviii, 454 p. ; _c20 cm. |
||
| 650 | _a1. Medical history taking. | ||
| 650 | _a2. Nursing. | ||
| 650 | _a3. Physical diagnosis. | ||
| 942 |
_2ddc _cBK-CIRC _hCirc. _n0 |
||
| 999 |
_c6990 _d6990 |
||